02894cam a2200349 i 45000010009000000050017000090080041000260100017000670200030000840200031001140200027001450400028001720420008002000820018002081000030002262450100002562500017003562640068003733000064004413360026005053370028005313380027005594900041005865000086006275040051007135201518007646500019022826500029023017000037023307000029023677760148023962185669020240513201425.0210104s2021 nyua b 001 0 eng  a 2021058722 a9780367025724q(hardback) a9780367025748q(paperback) z9780429398926q(ebook) aDLCbengcDLCerdadDLC apcc00a307.1216bRAT1 aRatcliffe, John,eauthor.10aUrban planning and real estate development /cJohn Ratcliffe, Michael Stubbs and Miles Keeping. a4th Edition. 1aNew York ;aLondon :bRoutledge, Taylor & Francis Group,c2021. axvi, 506 pages :billustrations (black and white) ;c26 cm. atextbtxt2rdacontent aunmediatedbn2rdamedia avolumebnc2rdacarrier0 aNatural and built environment series aRevised edition of the authors' Urban planning and real estate development, 2009. aIncludes bibliographical references and index. a"This fourth edition of Urban Planning and Real Estate Development guides readers through the procedural and practical aspects of developing land from the point of view of both planner and developer. The twin processes of planning and property development are inextricably linked - it's not possible to carry out a development strategy without an understanding of the planning process, and equally planners need to know how real estate developers do their job. The planning system is explained, from the increasing emphasis on spatial planning at a national, local and neighbourhood level down to the detailed perspective of the development management process and the specialist requirements of historic buildings and conservation areas. At the same time the authors explain the entire development process from inception through appraisal, valuation and financing to completion. Sustainability and corporate social responsibility and their impact on planning and development are covered in detail, and the future consequences of the Corona-Virus pandemic are explored in new opening and closing chapters setting the text in a global context. Written by a team of authors with many years of academic, professional and research experience, and illustrated throughout with practical case studies and follow-up resources, this book is an invaluable textbook for real estate and planning students, and helps to meet the requirements of the RICS and RTPI Assessment of Professional Competence"--cProvided by publisher. 0aCity planning. 0aReal estate development.1 aStubbs, Michael,d1962-eauthor.1 aKeeping, Miles,eauthor.08iOnline version:aRatcliffe, John,tUrban planning and real estate developmentb4.dNew York : Routledge, 2021.z9780429398926w(DLC) 2021058723